| 000 | 00401nam a22001337a 4500 | ||
|---|---|---|---|
| 082 | _a340 BAS | ||
| 100 | _aBasit, Muhamad Abdul | ||
| 245 |
_aArt of Legal Drafting Principles and Model Forums / _cMuhamad Abdul Basit |
||
| 260 |
_aRawalpindi : _bFederal Law House, _c2020. |
||
| 300 |
_a534 p. ; _c24 cm. |
||
| 942 |
_2ddc _cBK |
||
| 999 |
_c586894 _d586894 |
||